000 00923nam a2200241 i 4500
001 5624
003 ES-MaACL
005 20230906144638.0
007 t|
008 890208m19889999sp ||||1| spa d
020 _a84-7398-574-5 (O.C.)
080 _a347.235(46)(094.4)
080 _a347.7(46)(094.4)
080 _a347.27(46)(094.4)
100 1 _aGarcía García, José Manuel (
_d1942-)
_954664
245 1 0 _aDerecho inmobiliario registral o hipotecario /
_cJosé Manuel García García.
260 _aMadrid :
_bCivitas,
_c1988-<2002>
300 _av. <1-3, 5> ;
_c24 cm.
500 _aIndice.
505 8 _aContiene: v. 1. [Sin título] v. 2. El concepto de tercero, inoponibilidad, fe pública, prioridad v. 3. Calificación, tracto, especialidad y otros principios v. 5. Urbanismo y registro
650 0 4 _aDerecho inmobiliario registral-
_zEspaña.
_911715
852 _aES-MaACL
_jP-602
_bR.116446
_z. - plast.
999 _c5624
_d5624